ALE-Reyes, Electores y Duques de Baviera - Estadísticas

Estadísticas generales
  • Esta prueba ha sido intentada 18 veces
    11 desde el último reinicio
  • La puntuación promedio es 32 de 53
Estadísticas de respuestas
Período Nombre del Rey % Correcto
1726-17145 Carlos Alberto
100%
1777-1799 Carlos Teodoro
100%
1651-1679 Fernando María
83%
Alberto I
67%
1505-1508 Alberto IV
67%
1550-1579 Alberto V
67%
947-955 Enrique I
67%
955-976 Enrique II
67%
985-995 Enrique II
67%
982-985 Enrique III
67%
995-1004 Enrique IV
67%
1120-1126 Enrique IX
67%
1004-1009 Enrique V
67%
1017-1026 Enrique V
67%
1026-1042 Enrique VI
67%
1042-1047 Enrique VII
67%
1053-1054 Enrique VIII
67%
1055-1061 Enrique VIII
67%
1126-1139 Enrique X
67%
1143-1156 Enrique XI
67%
1156-1180 Enrique XII
67%
1183-1231 Luis I
67%
1825-1848 Luis I
67%
1864-1886 Luis II
67%
1913-1918 Luis III
67%
1341-1347 Luis IV
67%
1347-1349(Co-duques) Luis V
67%
Luis VI
67%
1516-1545 Luis X
67%
1597-1623 Maximiliano I
67%
1623-1651 Maximiliano I
67%
1806-1825 Maximiliano I
67%
1679-1706 Maximiliano II
67%
1714-1726 Maximiliano II
67%
1848-1864 Maximiliano II
67%
1745-1777 Maximiliano III
67%
1799-1805 Maximiliano IV
67%
976-982 Otón I
67%
1886-1913 Otón I
67%
1061-1070 Otón II
67%
1180-1183 Otón I (III)
67%
1231-1253 Otón II (IV)
67%
Otón V
67%
Guillermo I
50%
1508-1550 Guillermo IV
50%
1579-1597 Guillermo V
50%
1049-1053 Conrado I
33%
1054-1055 Conrado II
33%
Esteban II
17%
1139-1141 Leopoldo
17%
1070-1077 Güelfo I
0%
1096-1101 Güelfo I
0%
1101-1120 Güelfo II
0%
No se encontraron pruebas coincidentes
Distribución de puntuación
Porcentaje de gente con cada puntuación
Porcentaje por número respondido
Historial de tus puntuaciones
No has intentado esta prueba desde el último reinicio